00781nam a2200217 a 450000100060000000300080000600500170001400800410003103500190007204000260009104100080011708200260012510000370015124500940018826000880028230000250037065000180039594200120041399900170042595201210044285994BD-RjUL20251124145159.0220419r19641961enk 000 d eng d a(BD-RjUL)85994 aBD-RjULbengcBD-RjUL aeng 223a822.912bSHH 19641 aShaw, Bernard,d1856-1950.9195710aHeartbreak House :ba fantasia in the Russian manner on English themes /cby Bernard Shaw aLondon :bLongmans ;bGree in association with Constable, c1961, [Impression 1964] a197 pages ; c19 cm. aEnglish drama 2ddccBK c85994d85994 00102ddc40718FICaRUCLbRUCLcReadingd2025-11-24l0o822.912 SHH 1964r2025-11-24 00:00:00tC-1w2025-11-24yBK